Europäische Länder zu Sprachen - Statistiken

Allgemein
  • Dieses Quiz wurde 97 mal gespielt
  • Das Durchschnittsergebnis liegt bei 50 aus 56
Antwortstatistiken
Hint Antwort % Korrekt
Albanisch Albanien
100%
Deutsch Deutschland
97%
Bosnisch Bosnien
95%
Kroatisch Bosnien
95%
Serbisch Bosnien
95%
Deutsch Österreich
94%
Deutsch Schweiz
94%
Französisch Schweiz
94%
Italienisch Schweiz
94%
Rätoromanisch Schweiz
94%
Bulgarisch Bulgarien
93%
Dänisch Dänemark
93%
Serbisch Serbien
93%
Englisch Irland
92%
Irisch Irland
92%
Estnisch Estland
91%
Deutsch Luxemburg
91%
Französisch Luxemburg
91%
Polnisch Polen
91%
Rumänisch Rumänien
91%
Deutsch Belgien
90%
Französisch Belgien
90%
Finnisch Finnland
90%
Französisch Frankreich
90%
Griechisch Griechenland
90%
Isländisch Island
90%
Lettisch Lettland
90%
Litauisch Litauen
90%
Albanisch Montenegro
90%
Bosnisch Montenegro
90%
Kroatisch Montenegro
90%
Montenegrinisch Montenegro
90%
Serbisch Montenegro
90%
Niederländisch Niederlande
90%
Norwegisch Norwegen
90%
Russisch Russland
90%
Italienisch Italien
89%
Deutsch Liechtenstein
89%
Portugiesisch Portugal
89%
Englisch Vereinigtes Königreich
89%
Kroatisch Kroatien
87%
Maltesisch Malta
87%
Schwedisch Schweden
87%
Slowenisch Slowenien
87%
Ukrainisch Ukraine
87%
Italienisch San Marino
86%
Slowakisch Slowakei
86%
Spanisch Spanien
86%
Ungarisch Ungarn
86%
Italienisch Vatikan
86%
Französisch Monaco
85%
Russisch Belarus
84%
Mazedonisch Mazedonien
84%
Tschechisch Tschechien
84%
Spanisch Andorra
83%
Rumänisch Moldau
63%
Keine übereinstimmenden Quizze gefunden
Verteilung der Resultate
Anzahl Personen mit jedem Resultat
Perzentil nach korrekt beantworteten Fragen
Ihre Resultats-Entwicklung
Sie haben dieses Quiz noch nicht gespielt